| 000 | 00883nam a22002177a 4500 | ||
|---|---|---|---|
| 005 | 20240103150216.0 | ||
| 008 | 231205b ||||| |||| 00| 0 eng d | ||
| 040 | _cAL | ||
| 041 | _akan | ||
| 082 |
_223 _aK894.5 _bCHIN |
||
| 100 |
_aChinnappa Gowda K : ಚಿನ್ನಪ್ಪ ಗೌಡ ಕೆ Ed _9147180 |
||
| 245 |
_aNalnudi: _bನಲ್ನುಡಿ |
||
| 260 |
_aMangaluru _bMangalore University _c2007 |
||
| 300 |
_aviii,120p. _bPB _c21x13cm. |
||
| 365 |
_2Kannada _b35.00 _c₹ _d35.00 |
||
| 440 |
_aMangala Patyapustaka Malike: ಮಂಗಳ ಪಠ್ಯಪುಸ್ತಕ ಮಾಲಿಕೆ: 20 _9144423 |
||
| 650 |
_aKannada Essays: ಕನ್ನಡ ಪ್ರಬಂಧ _9144424 |
||
| 650 |
_aKannada Literature: ಕನ್ನಡ ಸಾಹಿತ್ಯ _9144425 |
||
| 700 |
_aGOWDA (Chinnappa K): ಗೌಡ (ಚಿನ್ನಪ್ಪ ಕೆ) Ed _9144426 |
||
| 942 |
_2ddc _cDB |
||
| 999 |
_c229389 _d229389 |
||